| 000 | nam a22 7a 4500 | ||
|---|---|---|---|
| 999 |
_c15839 _d15839 |
||
| 008 | 161105b xxu||||| |||| 00| 0 eng d | ||
| 020 | _a0801309808 | ||
| 020 | _a9780801309809 | ||
| 050 | _aLB 1028 .G342 1996 | ||
| 100 | _aGall, Meredith D. | ||
| 245 |
_aEducational research : _ban introduction/ _cMeredith D. Gall, Walter R. Borg and Joyce P. Gall. |
||
| 250 | _a6th ed. | ||
| 260 |
_aNew York : _bLongman Publishers, _c1996. |
||
| 300 |
_axxii, 788p. : _bill. ; |
||
| 500 | _aIncludes bibliography and index. | ||
| 650 |
_aEducation _xresearch. |
||
| 650 |
_aeducation _xresearch _yunited States. |
||
| 700 | _aBorg, Walter R. | ||
| 700 | _aGall, Joyce P. | ||
| 942 |
_2lcc _cBOOKS _hLB 1028 .G342 1996 |
||